00733nab a2200229uuc4500001000800000005001700008008004100025035001200066035002100078040001300099041000800112100004300120245007500163260001000238650002000248650001300268650001700281650001800298700003300316700004800349773010600397113318220240202091346.0090324s2008 spa  a1133182 a(OCoLC)820461184 ccomduadb aspa10aBaez Contreras, Francisco J.4auteaut10aEstudio estructural del huso meiotico de ovocitos bovinos vitrificados c2008. aVitrificación aOvocitos 7aBovinos2dcs aInmunoquimica10aHernandez, Ludwing4auteaut10aVillamediana Monreal, Patricia C.4auteaut0 tRevista Científica (Maracaibo)gVol. 18, No. 03, May.-Jun. 2008, 253-261w491375x0798-22590122934